| 000 | 00476nam a2200169Ia 4500 | ||
|---|---|---|---|
| 999 |
_c32072 _d32072 |
||
| 003 | OSt | ||
| 005 | 20200904140155.0 | ||
| 008 | 190216s9999||||xx |||||||||||||| ||und|| | ||
| 040 | _coclc | ||
| 082 |
_a531.2 _bVAS/D |
||
| 100 |
_aVasishtha, A R _93840 |
||
| 245 | 0 |
_aDynamics / _cA R Vasishtha ; R K Gupta |
|
| 250 | _a11th Ed. | ||
| 260 |
_bKrishna Prakasan Mandir, _aMeerut: _c2005. |
||
| 300 | _a322p | ||
| 942 |
_cBK _2ddc _h531.2 _iVAS/D _k531.2 _mVAS/D |
||